A TB. OF COMPUTER IN NURSING (Record no. 1933)

MARC details
000 -LEADER
fixed length control field 00319nam a2200133Ia 4500
008 - FIXED-LENGTH DATA ELEMENTS--GENERAL INFORMATION
fixed length control field 150201s2010 xx 000 0 und d
082 ## - DEWEY DECIMAL CLASSIFICATION NUMBER
Classification number 621.381
Item number C10B
100 ## - MAIN ENTRY--PERSONAL NAME
Personal name BHAWANA , PURI
245 #2 - TITLE STATEMENT
Title A TB. OF COMPUTER IN NURSING
260 ## - PUBLICATION, DISTRIBUTION, ETC. (IMPRINT)
Name of publisher, distributor, etc. AITBS
Place of publication, distribution, etc. DELHI
Date of publication, distribution, etc. 2010
300 ## - PHYSICAL DESCRIPTION
Extent 376
650 ## - SUBJECT ADDED ENTRY--TOPICAL TERM
Topical term or geographic name as entry element COMPUTER
942 ## - ADDED ENTRY ELEMENTS (KOHA)
Source of classification or shelving scheme Dewey Decimal Classification
Koha item type Books
Koha issues (borrowed), all copies 9
Holdings
Withdrawn status Lost status Source of classification or shelving scheme Damaged status Not for loan Collection code Home library Current library Shelving location Date acquired Source of acquisition Cost, normal purchase price SGTU Bill Number Total Checkouts Full call number Barcode Date last seen Date last checked out Bill Date Koha item type
    Dewey Decimal Classification     NURSING SGT Medical Library SGT Medical Library Text Book 19/04/2012 UBS DELHI 160.00 SGTU 46 14 621.381 C10B FN393 26/07/2024 22/07/2024 19/04/2012 Books
    Dewey Decimal Classification     NURSING SGT Medical Library SGT Medical Library Text Book 19/04/2012 UBS DELHI 160.00 SGTU 46 13 621.381 C10B FN394 14/05/2025 06/05/2025 19/04/2012 Books
    Dewey Decimal Classification     NURSING SGT Medical Library SGT Medical Library Text Book 19/04/2012 UBS DELHI 160.00 SGTU 46 10 621.381 C10B FN395 02/08/2024 23/07/2024 19/04/2012 Books